Celebrities in Disney Style Picture #4 - Statistics

General Stats
  • This quiz has been taken 58 times
  • The average score is 10 of 20
Answer Stats
Picture Answer % Correct
Will Smith
94%
Mariah Carey
84%
Nicki Minaj
82%
The Weeknd
76%
Britney Spears
65%
Camila Cabello
65%
Shakira
65%
Avril Lavigne
59%
Sia
59%
Whitney Houston
53%
Demi Lovato
49%
Dolly Parton
43%
Madonna
43%
Kendrick Lamar
41%
Jennifer Lopez
37%
Adele
35%
Christina Aguilera
33%
Dua Lipa
22%
Miley Cyrus
18%
Chester Bennington
8%
No matching quizzes found
Score Distribution
Percent of People with Each Score
Percentile by Number Answered
Your Score History
You have not taken this quiz